|
|
|
|
| LEADER |
00000nam a22000007i 4500 |
| 001 |
IT\ICCU\TO0\1791581 |
| 003 |
ItRI |
| 005 |
20260115232201.0 |
| 008 |
101122s2010 it |||||| ||||| |||||c |
| 020 |
|
|
|a 9788895004259
|
| 040 |
|
|
|b ita
|c importazione bologna sebina
|
| 041 |
|
7 |
|a ita
|2 ISO-639-2
|
| 245 |
0 |
0 |
|a Vite clandestine :
|b frammenti, racconti e altro sulla prostituzione e la tratta di esseri umani in provincia di Napoli /
|c a cura di Andrea Morniroli, Cooperativa Sociale Dedalus.
|
| 260 |
|
|
|a Napoli :
|b Gesco,
|c [2010!
|
| 300 |
|
|
|a 238 p. ;
|c 24 cm.
|
| 700 |
1 |
|
|a Morniroli, Andrea
|0 IT\ICCU\UBOV\835562
|
| 710 |
2 |
|
|a Dedalus (cooperativa)
|0 IT\ICCU\CFIV\220530
|
| 791 |
2 |
|
|a Cooperativa sociale Dedalus
|3 IT\ICCU\CFIV\220531
|z Dedalus (cooperativa)
|
| 830 |
|
0 |
|a Dedalus
|0 IT\ICCU\TO0\1622545
|
| 942 |
|
|
|2 ddc
|c BK
|n 0
|
| 952 |
|
|
|0 0
|1 0
|4 0
|6 DOC_363_440000000000000_MOR
|7 0
|9 21546
|a BO
|b BO
|d 2026-01-15
|i 14605
|l 0
|o DOC 363.44 MOR
|p BO14605
|r 2026-01-15 23:22:01
|w 2026-01-15
|x [Sebina 5] [1 v.]
|y BK
|z 1 v.
|
| 999 |
|
|
|c 18400
|d 18400
|